书目信息 |
| 题名: |
大趋势
|
|
| 作者: | 奈斯比特 著 ;孙道章 译 | |
| 分册: | ||
| 出版信息: | 北京 新华出版社 1984 |
|
| 页数: | 337页 | |
| 开本: | 19cm | |
| 丛书名: | 《经济参考》丛书 | |
| 单 册: | ||
| 中图分类: | G303 , F11 | |
| 科图分类: | ||
| 主题词: | 未来学 , 经济--世界 , 国际经济关系 | |
| 电子资源: | ||
| ISBN: | ||
| 000 | 00894nam2 2200313 45 | |
| 001 | 1557086198 | |
| 005 | 20150126155140.65 | |
| 010 | @dCNY0.95 | |
| 091 | @aCN@b4203.017 | |
| 100 | @a19950530d1984 em y0chiy0121 ea | |
| 101 | 1 | @achi@ceng |
| 102 | @aCN@b110000 | |
| 105 | @ay z 000yy | |
| 200 | 10 | @a大趋势@Ada qu shi@e改变我们生活的十个新趋向@f(美)J.奈斯比特著@g孙道章等译 |
| 210 | @a北京@c新华出版社@d1984 | |
| 215 | @a337页@d19cm | |
| 225 | 2 | @a《经济参考》丛书 |
| 410 | 0 | @120012@a《经济参考》丛书 |
| 517 | 1 | @a改变我们生活的十个新趋向@Agai bian wo men sheng huo de shi ge xin qu xiang |
| 606 | @a未来学 | |
| 606 | 0 | @a经济@x世界 |
| 606 | 0 | @a国际经济关系 |
| 690 | @aG303@v3 | |
| 690 | @aF11@v4 | |
| 701 | 1 | @a奈斯比特@Anai si bi te@bJ.@4著 |
| 702 | 0 | @a孙道章@Asun dao zhang@4译 |
| 801 | 0 | @aCN@bTSSF@c20150126 |
| 801 | 2 | @aCN@bNLC |
| 905 | @aZUCC@dF11@eJY20 | |
| 大趋势:改变我们生活的十个新趋向/(美)J.奈斯比特著/孙道章等译.-北京:新华出版社,1984 |
| 337页;19cm.-(《经济参考》丛书) |
| ISBN :CNY0.95 |
| ● |
| 相关链接 |
|
|
|
|
正题名:大趋势
索取号:F11/JY20
 
预约/预借
| 序号 | 登录号 | 条形码 | 馆藏地/架位号 | 状态 | 备注 |
| 1 | 7838045 | 278380459 | 学院路分馆/ [索取号:F11/JY20] | 在馆 |